000 00649nam a22002417a 4500
003 OSt
005 20220924113708.0
006 a|||||r|||| 00| 0
007 ta
008 Pun
024 _a7130
037 _cGeneral Books
040 _aARTS
_cARTS
_bPun
041 _2Pun
_aPun
082 _aO1,3x, 153M9
100 _aਸਿੰਘ, ਨਵ ਸੰਗੀਤ, ੳਗ।
_9170408
245 0 _aਦੇF ਦੇFਾਂਤਰ
260 _c1989
300 _ap.
650 _aਪੰਜਾਬੀ ਸਾਹਿਤ
942 _hO1,3x, 153M9
_cGB
_2CC
999 _c390493
_d390493